[Event "Reykjavik Open 2025"]
[Site "Reykjavik"]
[Date "2025.04.14"]
[Round "8.81"]
[White "Lohr, Matthias"]
[Black "Harms, Reece"]
[Result "1-0"]
[WhiteElo "2092"]
[WhiteFideId "4692772"]
[BlackElo "1825"]
[BlackFideId "2647400"]
[Variant "Standard"]
[StudyName "ROpen 2025 - Rd8 - Board 45-108"]
1. Nf3 Nf6 2. d4 d5 3. c3 c5 4. dxc5 g6 5. b4 Bg7 6. Bb2 a5 7. a3 O-O 8. e3 Bg4 9. Be2 Nc6 10. Nd4 Bxe2 11. Qxe2 Nd7 12. O-O e5 13. Nxc6 bxc6 14. e4 dxe4 15. Qxe4 Qc7 16. Nd2 f5 17. Qe2 e4 18. Nc4 Ne5 19. Nxe5 Bxe5 20. h3 Qg7 21. Rad1 Kh8 22. Rd2 axb4 23. cxb4 Bxb2 24. Rxb2 Rxa3 25. Rd1 f4 26. Rbd2 e3 27. Rd8 exf2+ 28. Qxf2 Ra8 29. Rxa8 Rxa8 30. Qxf4 h5 31. Rd6 g5 32. Qe3 h4 33. Rxc6 Rd8 34. Re6 Qc7 35. Qe5+ Qg7 36. c6 g4 37. Qh5+ Kg8 38. Re8+ Rxe8 39. Qxe8+ Kh7 40. Qd7 1-0

[Event "Reykjavik Open 2025"]
[Site "Reykjavik"]
[Date "2025.04.14"]
[Round "8.82"]
[White "Schultze, Joerg-Martin"]
[Black "Blanchet, Mathieu"]
[Result "0-1"]
[WhiteElo "1956"]
[WhiteFideId "12972070"]
[BlackElo "2091"]
[BlackFideId "26052610"]
[Variant "Standard"]
[StudyName "ROpen 2025 - Rd8 - Board 45-108"]
1. d4 d5 2. c4 e6 3. Nc3 Nf6 4. cxd5 exd5 5. Bg5 Bb4 6. Qc2 c5 7. Nf3 Nbd7 8. e3 Qa5 9. Bd3 c4 10. Bf5 O-O 11. O-O Re8 12. h4 Bxc3 13. bxc3 Ne4 14. Bf4 Ndf6 15. Bxc8 Raxc8 16. Ne5 Nxc3 17. f3 b5 18. a3 Na4 19. g4 Qb6 20. Rab1 Re7 21. h5 Rb7 22. Rf2 Qe6 23. Rh2 Nd7 24. g5 Nxe5 25. Bxe5 Nc5 26. Kh1 Nd3 27. Qc3 Qf5 28. Rf1 Nxe5 29. dxe5 Qd3 30. Qe1 c3 31. Rh4 c2 32. Rd4 Qxf1+ 33. Qxf1 0-1

[Event "Reykjavik Open 2025"]
[Site "Reykjavik"]
[Date "2025.04.14"]
[Round "8.84"]
[White "Grose, Kameron"]
[Black "Weidenhoefer, Max"]
[Result "0-1"]
[WhiteElo "1882"]
[WhiteFideId "474010"]
[BlackElo "2085"]
[BlackFideId "16230566"]
[Variant "Standard"]
[StudyName "ROpen 2025 - Rd8 - Board 45-108"]
1. e4 c6 2. Nc3 d5 3. d4 dxe4 4. Nxe4 Nf6 5. Nxf6+ exf6 6. c3 Bd6 7. Bd3 O-O 8. Qc2 Re8+ 9. Ne2 h5 10. O-O h4 11. Bd2 h3 12. Ng3 hxg2 13. Rfe1 Be6 14. Bh7+ Kf8 15. Rxe6 Rxe6 16. Qf5 Bxg3 17. Qh5 Bd6 18. Bf5 Na6 19. c4 Ke7 20. Qg4 g6 21. Bxe6 fxe6 22. d5 Nc7 23. Qxg6 Qg8 24. Qe4 Qg7 25. dxc6 Bxh2+ 26. Kxh2 Rh8+ 27. Bh6 Rxh6+ 0-1

[Event "Reykjavik Open 2025"]
[Site "Reykjavik"]
[Date "2025.04.14"]
[Round "8.85"]
[White "Yu, Tianxiang Carlos"]
[Black "Mensing, Adrian"]
[Result "0-1"]
[WhiteElo "1843"]
[WhiteFideId "39922723"]
[BlackElo "2078"]
[BlackFideId "1043293"]
[Variant "Standard"]
[StudyName "ROpen 2025 - Rd8 - Board 45-108"]
1. e4 c5 2. Nf3 d6 3. d4 cxd4 4. Nxd4 Nf6 5. Nc3 a6 6. Bg5 e6 7. Qe2 Be7 8. h4 h6 9. Bd2 b5 10. a3 Bb7 11. O-O-O Nbd7 12. g4 Ne5 13. f3 Rc8 14. Rh3 Qb6 15. Be1 Nc4 16. f4 d5 17. exd5 Nxd5 18. Nxd5 Bxd5 19. g5 hxg5 20. hxg5 Rxh3 21. Bxh3 Qd6 22. g6 Qxf4+ 23. Kb1 Qe3 24. gxf7+ Kxf7 25. Qh5+ Kg8 26. Nf5 Nxa3+ 27. bxa3 Ba2+ 28. Ka1 exf5 29. Bxf5 Qxa3 30. Bh7+ Kf8 31. Qf5+ Bf7+ 32. Kb1 Qa2+ 33. Kc1 Qa1+ 34. Kd2 Rd8+ 0-1

[Event "Reykjavik Open 2025"]
[Site "Reykjavik"]
[Date "2025.04.14"]
[Round "8.86"]
[White "Muskens, Mink"]
[Black "Omarsson, Adam"]
[Result "0-1"]
[WhiteElo "1841"]
[WhiteFideId "1085050"]
[BlackElo "2072"]
[BlackFideId "2311453"]
[Variant "Standard"]
[StudyName "ROpen 2025 - Rd8 - Board 45-108"]
1. Nf3 Nf6 2. g3 g6 3. Bg2 Bg7 4. d4 O-O 5. c4 d6 6. Nc3 Nbd7 7. O-O e5 8. e4 Re8 9. Re1 c6 10. h3 a5 11. Kh2 exd4 12. Nxd4 Nc5 13. f4 Rb8 14. b3 Qb6 15. Bb2 a4 16. Qc2 axb3 17. axb3 Ng4+ 18. hxg4 Bxd4 19. Rad1 Qxb3 20. Qd2 Bxg4 21. Qxd4 Qxb2 22. Rd2 Nb3 23. Rxb2 Nxd4 24. c5 dxc5 25. e5 Nf3+ 26. Bxf3 Bxf3 27. Ne4 c4 28. Nc5 b5 29. Nd7 Kg7 30. Nxb8 Rxb8 31. Rc1 Bd5 32. Kg1 c5 33. Kf2 b4 34. Ke3 Ra8 35. Rd2 Ra3+ 36. Kf2 Be6 37. Rd6 c3 38. Rc6 b3 39. Rxc3 b2 40. Rb6 Rxc3 41. Rxb2 Bf5 42. Rb6 c4 43. Rc6 Rc1 44. Ke3 c3 45. Rc7 c2 46. Rc5 Rd1 0-1

[Event "Reykjavik Open 2025"]
[Site "Reykjavik"]
[Date "2025.04.14"]
[Round "8.87"]
[White "Helgadottir, Idunn"]
[Black "Weersing, Abigail Riis"]
[Result "0-1"]
[WhiteElo "1788"]
[WhiteFideId "2314118"]
[BlackElo "2069"]
[BlackFideId "460036"]
[Variant "Standard"]
[StudyName "ROpen 2025 - Rd8 - Board 45-108"]
1. d4 Nf6 2. c4 e6 3. g3 d5 4. Bg2 Bb4+ 5. Nd2 O-O 6. Nf3 b6 7. O-O Bb7 8. Ne5 c5 9. a3 Bxd2 10. Bxd2 Ne4 11. Be3 Qe7 12. dxc5 bxc5 13. cxd5 exd5 14. Nd3 Nd7 15. Rc1 Rac8 16. Qb3 Ba8 17. Bxe4 dxe4 18. Nxc5 Nxc5 19. Qb4 Rb8 20. Bxc5 Qe6 21. Bxf8 Rxb4 22. Bxb4 h5 23. Rfd1 Qe8 24. Rc7 e3 25. Be7 Qa4 26. Rd8+ Kh7 27. f3 Bc6 28. Rd3 Qa5 29. Rxc6 Qe1+ 30. Kg2 Qxe2+ 31. Kh3 Qxd3 32. Bb4 Qf1+ 33. Kh4 Qxf3 34. Rc4 f6 0-1

[Event "Reykjavik Open 2025"]
[Site "Reykjavik"]
[Date "2025.04.14"]
[Round "8.88"]
[White "Duault, Alexis"]
[Black "Bougain, Victor"]
[Result "1-0"]
[WhiteElo "1833"]
[WhiteFideId "36026913"]
[BlackElo "2061"]
[BlackFideId "45197784"]
[Variant "Standard"]
[StudyName "ROpen 2025 - Rd8 - Board 45-108"]
1. d4 d5 2. c4 c6 3. Nf3 Nf6 4. e3 e6 5. Bd3 Nbd7 6. O-O Be7 7. Nbd2 O-O 8. Qc2 Qc7 9. b3 h6 10. Bb2 b6 11. Ne5 Nxe5 12. dxe5 Nd7 13. cxd5 exd5 14. f4 Nc5 15. Be2 f6 16. b4 Nb7 17. Qg6 Bxb4 18. Bd3 f5 19. e6 Bxd2 20. Bxf5 Rxf5 21. Qxf5 Bxe3+ 22. Kh1 d4 23. Qg6 c5 24. Qe8+ Kh7 25. f5 Nd6 26. Qg6+ Kg8 27. Rae1 Ba6 28. Rf3 Bd3 29. Qg3 Ne8 30. Rfxe3 Qxg3 31. Rxg3 Bxf5 32. Bc1 c4 33. Re5 Bc2 34. Bxh6 c3 35. Reg5 g6 36. R5g4 Kh7 37. Bg5 d3 38. Rh3+ Kg7 39. Rgh4 1-0

[Event "Reykjavik Open 2025"]
[Site "Reykjavik"]
[Date "2025.04.14"]
[Round "8.89"]
[White "Juodziukynas, Aidas"]
[Black "Wartiovaara, Oliver"]
[Result "0-1"]
[WhiteElo "1956"]
[WhiteFideId "1562398"]
[BlackElo "2359"]
[BlackTitle "FM"]
[BlackFideId "513024"]
[Variant "Standard"]
[StudyName "ROpen 2025 - Rd8 - Board 45-108"]
1. d4 Nf6 2. c4 e6 3. Nf3 (3. Nc3 d5) 3... d5 4. Nc3 Nbd7 5. Bg5 h6 6. Bf4 Bb4 7. e3 c5 8. Bd3 cxd4 9. exd4 b6 10. O-O Bb7 11. cxd5 Nxd5 12. Nxd5 Bxd5 13. Qa4 Be7 14. Ne5 a6 15. Bxa6 Bf6 16. Nxd7 Qxd7 17. Qxd7+ Kxd7 18. Bb5+ Ke7 19. Rac1 Bxd4 20. Rc7+ Kf6 21. Bd6 Rhc8 22. Be7+ Kg6 23. Bd3+ f5 24. Rd7 h5 25. h3 Bf6 26. Bxf6 Kxf6 27. a3 g5 28. Be2 g4 29. hxg4 hxg4 30. Rd6 Rc2 31. Bb5 g3 32. f3 Rxb2 33. a4 Rh8 34. Rd1 Ke5 35. Rd7 Rh2 36. Bf1 Ra2 37. Rg7 f4 38. Rg4 Rxa4 39. Re1+ Kd6 40. Rb1 Ra8 41. Rxb6+ Kc7 42. Ra6 Rah8 43. Rg7+ Kc8 44. Bb5 Rh1# 0-1

[Event "Reykjavik Open 2025"]
[Site "Reykjavik"]
[Date "2025.04.14"]
[Round "8.90"]
[White "Lindbergh, Theodor"]
[Black "Piacquadio, Riccardo Daniele"]
[Result "1/2-1/2"]
[WhiteElo "2264"]
[WhiteFideId "1716956"]
[BlackElo "1952"]
[BlackFideId "1565656"]
[Variant "Standard"]
[StudyName "ROpen 2025 - Rd8 - Board 45-108"]
1. d4 Nf6 2. c4 e6 3. Nc3 Bb4 4. e3 O-O 5. Bd2 d5 6. Nf3 b6 7. cxd5 exd5 8. Bd3 Re8 9. O-O Bd6 10. Nb5 Bf8 11. Ne5 c5 12. f4 Bd7 13. Nc3 Nc6 14. g4 cxd4 15. exd4 Nxd4 16. g5 Ne4 17. Nxe4 dxe4 18. Bxe4 Bf5 19. Bxf5 Nxf5 20. Bc3 Bc5+ 21. Kh1 Ne3 22. Qxd8 Raxd8 23. Rfc1 Nd5 24. Nc6 Rd6 25. Nxa7 Nxc3 26. bxc3 f6 27. Nb5 Rd2 28. Rd1 Rf2 29. Rf1 Rd2 30. Rfd1 Rf2 31. Rf1 Rd2 1/2-1/2

[Event "Reykjavik Open 2025"]
[Site "Reykjavik"]
[Date "2025.04.14"]
[Round "8.91"]
[White "Wildenrath, Dirk"]
[Black "Heppert, Lars"]
[Result "1/2-1/2"]
[WhiteElo "2221"]
[WhiteFideId "4683188"]
[BlackElo "1949"]
[BlackFideId "24668575"]
[Variant "Standard"]
[StudyName "ROpen 2025 - Rd8 - Board 45-108"]
1. c4 e6 2. Nc3 d5 3. cxd5 exd5 4. d4 c6 5. Bf4 Bd6 6. Bxd6 Qxd6 7. Nf3 Nf6 8. e3 Bf5 9. Bd3 Bxd3 10. Qxd3 O-O 11. O-O Nbd7 1/2-1/2

[Event "Reykjavik Open 2025"]
[Site "Reykjavik"]
[Date "2025.04.14"]
[Round "8.92"]
[White "Gudnyjarson, Sigurdur Pall"]
[Black "Fodor, Balazs"]
[Result "0-1"]
[WhiteElo "1951"]
[WhiteFideId "2321637"]
[BlackElo "2206"]
[BlackFideId "741850"]
[Variant "Standard"]
[StudyName "ROpen 2025 - Rd8 - Board 45-108"]
1. d4 Nf6 2. c4 e6 3. g3 d5 4. Bg2 dxc4 5. Nf3 Nbd7 6. O-O c6 7. Qc2 b5 8. b3 cxb3 9. Qxc6 Rb8 10. axb3 Bb7 11. Qc3 a6 12. Nbd2 Nd5 13. Qd3 Nb4 14. Qb1 Be7 15. Ba3 O-O 16. Ne1 Bxg2 17. Kxg2 Nf6 18. Ndf3 Nfd5 19. Nd3 Nc3 20. Qe1 Nxd3 21. Qxc3 b4 22. Qxd3 bxa3 23. Qxa6 Rxb3 24. Nd2 Rb2 25. Qd3 Qa8+ 26. Kg1 Rfb8 27. Nc4 R2b3 28. Qc2 h6 29. Ra2 Qd5 30. Rfa1 Qxd4 31. Nxa3 Rc3 32. Nb5 Rxb5 33. Ra8+ Bf8 34. Rd1 Qc4 35. Rxf8+ Kxf8 36. Qh7 Rd5 0-1

[Event "Reykjavik Open 2025"]
[Site "Reykjavik"]
[Date "2025.04.14"]
[Round "8.93"]
[White "Schreidl, Michael"]
[Black "Martin, Nils"]
[Result "1/2-1/2"]
[WhiteElo "1949"]
[WhiteFideId "16265750"]
[BlackElo "2181"]
[BlackFideId "45160473"]
[Variant "Standard"]
[StudyName "ROpen 2025 - Rd8 - Board 45-108"]
1. d4 d5 2. Nf3 Nf6 3. g3 c6 4. Bg2 Nbd7 5. b3 g6 6. O-O Bg7 7. Bb2 O-O 8. Nbd2 b6 9. c4 Bb7 10. Re1 c5 11. Rc1 Rc8 12. a3 dxc4 13. Nxc4 b5 14. Ne3 Ne4 15. Ng5 cxd4 16. Bxd4 Rxc1 17. Qxc1 Bxd4 18. Bxe4 Bxe4 19. Nxe4 Qb6 20. Qd2 Nf6 21. Nxf6+ Qxf6 22. Ng4 Qb6 23. e3 Bg7 24. e4 Qe6 25. Qg5 f6 26. Qd5 Kf7 27. Rc1 a6 28. Qxe6+ Kxe6 29. Rc6+ Kd7 30. Rxa6 f5 31. Ra7+ Kd6 32. exf5 Rxf5 33. Ra6+ Kd7 34. Ne3 Rc5 35. Ra7+ Kd6 36. Ra6+ Kd7 37. a4 bxa4 38. Rxa4 Rb5 39. Ra7+ Ke6 40. Ra6+ Kf7 41. Ra4 Rxb3 42. Kg2 Be5 43. Ng4 Bd6 44. Rc4 Rb2 45. Kf3 Ra2 46. Ne3 Bb8 47. Re4 e6 48. Rb4 1/2-1/2

[Event "Reykjavik Open 2025"]
[Site "Reykjavik"]
[Date "2025.04.14"]
[Round "8.94"]
[White "Tscheuschner, Georg"]
[Black "Solano, Juan Pablo"]
[Result "1/2-1/2"]
[WhiteElo "2168"]
[WhiteFideId "12935549"]
[BlackElo "1929"]
[BlackFideId "3306003"]
[Variant "Standard"]
[StudyName "ROpen 2025 - Rd8 - Board 45-108"]
1. Nf3 Nf6 2. c4 d5 3. cxd5 Nxd5 4. e4 Nf6 5. Nc3 c6 6. d4 e6 7. Be3 Be7 8. Bd3 Nbd7 9. O-O O-O 10. h3 b6 11. Qc2 h6 12. Rfd1 Bb7 13. Rac1 Rc8 14. e5 Nd5 15. Nxd5 cxd5 16. Qe2 f5 17. exf6 Nxf6 18. Ne5 Ne4 19. Qh5 Rf6 20. Qe2 Bd6 21. Bb1 Rf8 22. f3 Bxe5 23. Rxc8 Qxc8 24. fxe4 Bf4 25. Bxf4 Rxf4 26. e5 Ba6 27. Qc2 Qf8 28. Qh7+ Kf7 29. Rc1 Ke7 30. Bd3 Bxd3 31. Qxd3 Kf7 32. Rc7+ Kg8 33. Rxa7 Re4 34. Qf3 Rxd4 35. Qxf8+ Kxf8 36. b3 Re4 37. Rb7 Rxe5 38. Kf2 b5 39. Rxb5 Ke7 40. Rb7+ Kd6 41. Rxg7 d4 42. a4 d3 43. Rg3 Rd5 44. Ke1 e5 45. Rg8 Kc5 46. Rc8+ Kd4 47. Kd2 e4 48. Rc4+ Ke5 49. Rc1 Kd4 50. Rc4+ Ke5 1/2-1/2

[Event "Reykjavik Open 2025"]
[Site "Reykjavik"]
[Date "2025.04.14"]
[Round "8.95"]
[White "Birkisson, Bjorn Holm"]
[Black "Schoffelmeer, Jetse"]
[Result "1-0"]
[WhiteElo "2154"]
[WhiteFideId "2310600"]
[BlackElo "1939"]
[BlackFideId "1084658"]
[Variant "Standard"]
[StudyName "ROpen 2025 - Rd8 - Board 45-108"]
1. e4 c5 2. d4 cxd4 3. Qxd4 Nf6 4. Nc3 e6 5. Bf4 Nc6 6. Qd3 Bb4 7. Bd6 Bxd6 8. Qxd6 Qe7 9. Qg3 O-O 10. O-O-O d5 11. e5 Nd7 12. f4 a6 13. Nf3 f5 14. exf6 Qxf6 15. Ng5 Nc5 16. Nh3 b5 17. Qf2 Na4 18. Nxa4 bxa4 19. Qc5 Bd7 20. Bd3 Rab8 21. Qc3 Nb4 22. Qxf6 Rxf6 23. a3 Nxd3+ 24. Rxd3 Rb7 25. f5 e5 26. Rxd5 Bxf5 27. Nf2 Rfb6 28. Nd1 Kf7 29. Ra5 Be4 30. Rf1+ { scoresheets illegible } 1-0

[Event "Reykjavik Open 2025"]
[Site "Reykjavik"]
[Date "2025.04.14"]
[Round "8.96"]
[White "De Kaey, Pascal"]
[Black "Hulshof, Peter"]
[Result "0-1"]
[WhiteElo "1944"]
[WhiteFideId "204510"]
[BlackElo "2123"]
[BlackFideId "1003291"]
[Variant "Standard"]
[StudyName "ROpen 2025 - Rd8 - Board 45-108"]
1. e4 c6 2. d4 d5 3. e5 Bf5 4. h4 h5 5. c4 e6 6. Bd3 Bxd3 7. Qxd3 dxc4 8. Qxc4 Qd5 9. Qxd5 cxd5 10. Rh3 Nc6 11. Ne2 Nge7 12. Nbc3 Nf5 13. Be3 Be7 14. O-O-O Rc8 15. Bg5 f6 16. exf6 gxf6 17. Be3 Kf7 18. Kb1 Rcg8 19. Rg1 Rg4 20. g3 Ncxd4 21. Nxd4 Nxd4 22. Rd1 Nc6 23. Ne2 Re4 24. Rhh1 Bd6 25. Nc3 Rc4 26. Nb5 Bb8 27. Na3 Re4 28. Nc2 Ne5 29. Rhe1 Nf3 30. Re2 Be5 31. Ne1 Nxe1 32. Rexe1 d4 33. f4 Rxe3 34. Rxe3 dxe3 35. fxe5 Rg8 36. Kc2 Rc8+ 37. Kb3 Rc5 38. exf6 Kxf6 39. Re1 Re5 40. Kc3 Kf5 41. Rf1+ Kg4 42. Kd4 Rb5 43. Rf6 e2 44. Rxe6 Rxb2 45. Re3 Rxa2 46. Kc4 b6 47. Kb3 Ra5 48. Rxe2 Kxg3 49. Re4 Rf5 50. Re7 a5 51. Re6 Rb5+ 0-1

[Event "Reykjavik Open 2025"]
[Site "Reykjavik"]
[Date "2025.04.14"]
[Round "8.97"]
[White "Agbabishvili, Lali"]
[Black "Shepherd, Tom"]
[Result "1/2-1/2"]
[WhiteElo "2119"]
[WhiteFideId "2613433"]
[BlackElo "1937"]
[BlackFideId "447005"]
[Variant "Standard"]
[StudyName "ROpen 2025 - Rd8 - Board 45-108"]
1. g3 Nf6 2. Bg2 c5 3. c4 Nc6 4. Nc3 e6 5. d3 Be7 6. Nf3 O-O 7. O-O d5 8. e4 d4 9. Ne2 e5 10. Nh4 h6 11. h3 Re8 12. a3 Rb8 13. Nf5 Bxf5 14. exf5 Bd6 15. Be4 Nxe4 16. dxe4 Be7 17. Qd3 a6 18. g4 b5 19. Ng3 bxc4 20. Qxc4 Rb6 21. f6 Bxf6 22. Qxc5 Be7 23. Qc4 Na5 24. Qd3 Nb3 25. Rb1 a5 26. Rd1 Qd7 27. Bd2 a4 28. Nf5 Bf8 29. Kh2 Qb7 30. Bb4 Bxb4 31. axb4 Rxb4 32. Nd6 Qb8 33. Nxe8 Qxe8 34. Re1 Qb8 35. Qc2 Kh7 36. Rbd1 g6 37. Rd3 Qd6 38. Rf3 Kg7 39. Qc8 Nd2 40. Rd3 Rxb2 41. Qc1 Qb4 42. Re2 Nf3+ 43. Rxf3 Rxe2 44. Qc7 Qf8 45. Qxe5+ Kg8 46. Qxd4 Qe8 47. Qf6 Rxe4 48. Kg2 Re6 49. Qf4 Ra6 50. Ra3 Qc6+ 51. Kh2 Kg7 52. Qd4+ Kh7 53. Qf4 Qd7 54. h4 Qe7 55. Rxa4 Rxa4 56. Qxa4 Qxh4+ 57. Kg2 h5 58. f3 hxg4 59. fxg4 Qe1 60. Qf4 Qe2+ 61. Kg3 Qe6 62. g5 Qf5 63. Qd2 Qe5+ 64. Kg4 Kg7 65. Qd8 Qe4+ 66. Kg3 Qf5 67. Qd4+ Kh7 68. Qd8 Qe4 69. Kf2 Qf4+ 70. Kg2 Kg7 71. Kh3 Qe5 72. Kg4 Qe6+ 73. Kg3 f5 74. gxf6+ Qxf6 75. Qxf6+ Kxf6 1/2-1/2

[Event "Reykjavik Open 2025"]
[Site "Reykjavik"]
[Date "2025.04.14"]
[Round "8.98"]
[White "Hartung, Thomas"]
[Black "Valtysson, Thor"]
[Result "1-0"]
[WhiteElo "2118"]
[WhiteFideId "24668273"]
[BlackElo "1929"]
[BlackFideId "2301903"]
[Variant "Standard"]
[StudyName "ROpen 2025 - Rd8 - Board 45-108"]
1. e4 d5 2. exd5 Qxd5 3. Nc3 Qd8 4. d4 Nf6 5. Nf3 Bg4 6. h3 Bxf3 7. Qxf3 c6 8. Be3 e6 9. Bd3 Be7 10. O-O-O Qc7 11. g4 Nbd7 12. g5 Nd5 13. Nxd5 cxd5 14. Kb1 a6 15. h4 Nf8 16. c4 Qd7 17. Rc1 Rc8 18. Rhe1 Bb4 19. Re2 Ng6 20. cxd5 Rxc1+ 21. Bxc1 O-O 22. dxe6 fxe6 23. Qg4 Kh8 24. a3 Bd6 25. Qh5 Qf7 26. Bxg6 Qxg6+ 27. Qxg6 hxg6 28. Rxe6 Bf4 29. d5 1-0

[Event "Reykjavik Open 2025"]
[Site "Reykjavik"]
[Date "2025.04.14"]
[Round "8.99"]
[White "Fartmann, Oliver"]
[Black "Smit, Emeline"]
[Result "0-1"]
[WhiteElo "2109"]
[WhiteFideId "12910392"]
[BlackElo "1926"]
[BlackFideId "1042262"]
[Variant "Standard"]
[StudyName "ROpen 2025 - Rd8 - Board 45-108"]
1. e4 c5 2. Nf3 d6 3. d4 cxd4 4. Nxd4 Nf6 5. Nc3 e6 6. Be3 Be7 7. g4 d5 8. e5 Nfd7 9. f4 Nc6 10. Qf3 Bh4+ 11. Kd2 g5 12. Bd3 gxf4 13. Qxf4 Bg5 14. Nxc6 Bxf4 15. Nxd8 Bxe3+ 16. Kxe3 Nxe5 17. Nxf7 Kxf7 18. Rhf1+ Ke7 19. h3 Bd7 20. Rae1 Kd6 21. Rf6 Rag8 22. Rh6 d4+ 23. Kxd4 Nf3+ 24. Ke3 Nxe1 25. Be4 Bc6 26. Ke2 Bxe4 27. Nxe4+ Ke5 28. Nf6 Rg6 0-1

[Event "Reykjavik Open 2025"]
[Site "Reykjavik"]
[Date "2025.04.14"]
[Round "8.100"]
[White "Bartelt, Max Peter"]
[Black "Bernhard, Sebastian"]
[Result "0-1"]
[WhiteElo "2104"]
[WhiteFideId "12967289"]
[BlackElo "1914"]
[BlackFideId "1271149"]
[Variant "Standard"]
[StudyName "ROpen 2025 - Rd8 - Board 45-108"]
1. Nf3 Nf6 2. g3 c5 3. Bg2 Nc6 4. O-O g6 5. c4 Bg7 6. Nc3 O-O 7. d4 cxd4 8. Nxd4 Nxd4 9. Qxd4 d6 10. Qd3 a6 11. a4 Nd7 12. Qc2 a5 13. Bg5 h6 14. Bf4 Nc5 15. Rfd1 Be6 16. Nd5 Bxd5 17. Bxd5 Qb6 18. Qxg6 e6 19. Qg4 exd5 20. Rxd5 f5 21. Rxf5 Rxf5 22. Qxf5 Qxb2 23. Rb1 Qd4 24. Rb6 Rf8 25. Qg6 Qd1+ 26. Kg2 Qxe2 27. Qxd6 Ne4 28. Qd5+ Kh8 29. Be3 Rxf2+ 30. Bxf2 Qxf2+ 31. Kh3 Ng5+ 32. Kg4 Qxb6 33. Kh5 Qe6 34. Qd8+ Kh7 35. g4 Qg6+ 36. Kh4 Ne6 37. Qd7 Qg5+ 38. Kh3 Qe3+ 39. Kh4 Qf2+ 40. Kh5 Nf4# 0-1

[Event "Reykjavik Open 2025"]
[Site "Reykjavik"]
[Date "2025.04.14"]
[Round "8.101"]
[White "Liu, Meng"]
[Black "Ragnarsson, Johann"]
[Result "1-0"]
[WhiteElo "2079"]
[WhiteFideId "8620644"]
[BlackElo "1908"]
[BlackFideId "2301040"]
[Variant "Standard"]
[StudyName "ROpen 2025 - Rd8 - Board 45-108"]
1. d4 d5 2. Nf3 e6 3. c4 c6 4. e3 f5 5. Be2 Bd6 6. O-O Nf6 7. b3 Qe7 8. a4 Ne4 9. a5 Nd7 10. Ba3 Bxa3 11. Nxa3 O-O 12. Nc2 Rb8 13. Nce1 b6 14. axb6 axb6 15. Nd3 Bb7 16. Ra7 Nd6 17. cxd5 Nb5 18. Rxb7 Rxb7 19. dxc6 Nc3 20. Qc2 Nxe2+ 21. Qxe2 Ra7 22. cxd7 Qxd7 23. Nf4 Rc8 24. h4 Ra3 25. Qb2 Rca8 26. Rc1 b5 27. Qc3 R8a4 28. Qc8+ Qxc8 29. Rxc8+ Kf7 30. bxa4 bxa4 31. Ne5+ Ke7 32. Rc7+ 1-0

[Event "Reykjavik Open 2025"]
[Site "Reykjavik"]
[Date "2025.04.14"]
[Round "8.102"]
[White "Schellenpfeil, Wolfgang"]
[Black "Coutinho, Joao Manuel Sousa"]
[Result "1/2-1/2"]
[WhiteElo "2079"]
[WhiteFideId "6000207"]
[BlackElo "1903"]
[BlackFideId "1933418"]
[Variant "Standard"]
[StudyName "ROpen 2025 - Rd8 - Board 45-108"]
1. d4 d5 2. c4 c6 3. Nf3 Nf6 4. Nc3 a6 5. e3 b5 6. b3 Bg4 7. Be2 e6 8. Ne5 Bxe2 9. Qxe2 Be7 10. O-O O-O 11. Rd1 Qb6 12. c5 Qc7 13. f3 Bxc5 14. Bb2 Bd6 15. f4 Nbd7 16. Rac1 Rfc8 17. a3 Qb6 18. b4 a5 19. Nd3 Qd8 20. Qf3 Nb6 21. Rc2 Nc4 22. Bc1 Qe7 23. Nc5 (23. e4) 23... Bxc5 24. dxc5 e5 25. e4 dxe4 26. Nxe4 Nd5 (26... Nxe4) 27. fxe5 Nxe5 28. Qg3 axb4 29. Nd6 (29. axb4 { [%csl Gd6] }) 29... Rd8 30. Re1 f6 31. Bb2 bxa3 32. Bxe5 fxe5 33. Rxe5 Qf6 34. Rf2 Qh6 35. Nf5 Qc1+ 36. Rf1 Qxc5+ 37. Kh1 Rd7 38. Nh6+ Kh8 39. Nf7+ Kg8 40. Nh6+ 1/2-1/2

[Event "Reykjavik Open 2025"]
[Site "Reykjavik"]
[Date "2025.04.14"]
[Round "8.103"]
[White "Borne, Niels"]
[Black "Bjarnason, Snorri Vikanes"]
[Result "1-0"]
[WhiteElo "2071"]
[WhiteTitle "FM"]
[WhiteFideId "602876"]
[BlackElo "1901"]
[BlackFideId "1539833"]
[Variant "Standard"]
[StudyName "ROpen 2025 - Rd8 - Board 45-108"]
1. c4 c5 2. Nf3 Nf6 3. Nc3 d5 4. cxd5 Nxd5 5. e3 g6 6. Qa4+ Bd7 7. Qb3 Nb6 8. Ne4 c4 9. Qc3 Rg8 10. Bxc4 Nxc4 11. Qxc4 Be6 12. Qa4+ Qd7 13. Qxd7+ Bxd7 14. d4 Bc6 15. Nc3 Bg7 16. O-O Na6 17. d5 Bd7 18. e4 Nb4 19. Ne1 Rc8 20. Bd2 f5 21. a3 Na6 22. Nf3 Nc5 23. e5 e6 24. Be3 Nd3 25. dxe6 Bc6 26. Nd4 Bxe5 27. Nxc6 Rxc6 28. Bxa7 Nxb2 29. Nd5 Rxe6 30. f4 Ra6 31. fxe5 1-0

[Event "Reykjavik Open 2025"]
[Site "Reykjavik"]
[Date "2025.04.14"]
[Round "8.104"]
[White "Monteverde, Jonathan"]
[Black "Jonsson, Johann"]
[Result "1-0"]
[WhiteElo "2067"]
[WhiteFideId "1314580"]
[BlackElo "1890"]
[BlackFideId "2321688"]
[Variant "Standard"]
[StudyName "ROpen 2025 - Rd8 - Board 45-108"]
1. d4 d5 2. c4 c6 3. cxd5 cxd5 4. Bf4 Nf6 5. e3 Nc6 6. Nc3 a6 7. Bd3 Bg4 8. Nge2 e6 9. Qb3 Bxe2 10. Bxe2 Na5 11. Qa4+ Nd7 12. Rc1 Rc8 13. O-O Nc4 14. e4 g5 15. Bg3 Nd2 16. Rfd1 Nxe4 17. Nxe4 dxe4 18. d5 Rxc1 19. Rxc1 e5 20. Bxe5 f6 21. Bh5+ Ke7 22. Qb4+ Nc5 23. Qxc5+ Kd7 24. Qc7+ Qxc7 25. Rxc7+ Kd8 26. Bxf6+ 1-0